Barrelledness, Baire-like- and (LF)-spaces
Saved in:
| Main Author: | |
|---|---|
| Format: | Book |
| Language: | English |
| Published: |
Burnt Mill, Harlow, Essex, England : New York :
Longman Scientific & Technical, Copublished in the U.S. with John Wiley & Sons,
1993
|
| Series: | Pitman research notes in mathematics series ;
; 298 |
| Subjects: | |
| Tags: |
Add Tag
No Tags, Be the first to tag this record!
|
MARC
| LEADER | 00000cam a2200000 i 4500 | ||
|---|---|---|---|
| 001 | 1/39918 | ||
| 008 | 941103s1993 eng d | ||
| 020 | |a 0582237459 | ||
| 020 | |a 0470233664 | ||
| 035 | |l 10041126 | ||
| 040 | |a GR-MY-UA |b gre |e aacr | ||
| 041 | 0 | |a eng | |
| 082 | 0 | |a 515.73 |2 (20) | |
| 100 | 1 | |a Kunzinger, Michael. | |
| 245 | 1 | 0 | |a Barrelledness, Baire-like- and (LF)-spaces / |c Michael Kunzinger |
| 260 | |a Burnt Mill, Harlow, Essex, England : |a New York : |b Longman Scientific & Technical, |b Copublished in the U.S. with John Wiley & Sons, |c 1993 | ||
| 300 | |a xiii, 160 p.; |b ill.; |c 25 cm | ||
| 490 | 1 | |a Pitman research notes in mathematics series |v ; 298 |x 0269-3674 | |
| 504 | |a Includes bibliographical references (p. 155-158) and index | ||
| 650 | 0 | 0 | |a Barrelled spaces. |
| 650 | 0 | 0 | |a Baire spaces. |
| 650 | 0 | 0 | |a Locally convex spaces. |
| 830 | 0 | |a Pitman research notes in mathematics series ; |v ; 298 | |
| 852 | |a INST |b SAMOS |e 19941103 |h 515.73 KUN |p 005300007190 |q 005300007190 |t BK |y 0 | ||
| 909 | |a Σ |b 033326 | ||